Database design, application development & administration
में बचाया:
| मुख्य लेखक: | |
|---|---|
| स्वरूप: | सीडी |
| भाषा: | English |
| प्रकाशित: |
New York :
McGraw-Hill,
2004.
|
| संस्करण: | 2nd ed. |
| टैग : |
टैग जोड़ें
कोई टैग नहीं, इस रिकॉर्ड को टैग करने वाले पहले व्यक्ति बनें!
|
| Thư viện lưu trữ: | Thư viện Trường Đại học Đà Lạt |
|---|
| LEADER | 00755nam a2200289 4500 | ||
|---|---|---|---|
| 001 | DLU080063709 | ||
| 005 | ##20081029 | ||
| 040 | # | # | |a DLU |b eng |
| 041 | # | # | |a eng |
| 044 | # | # | |a us |
| 082 | # | # | |a 005.74 |b MA-M |
| 100 | # | # | |a Mannino, Michael V. |
| 245 | # | # | |a Database design, application development & administration |h [CD-ROM] / |c Michael V. Mannino. |
| 246 | # | # | |a Database design, application development and administration. |
| 250 | # | # | |a 2nd ed. |
| 256 | # | # | |a 4 3/4 in. |
| 260 | # | # | |a New York : |b McGraw-Hill, |c 2004. |
| 300 | # | # | |a 1 CD-ROM ; |c 4 3/4 in. |
| 992 | # | # | |a 0 |
| 994 | # | # | |a DLU |
| 900 | # | # | |a True |
| 911 | # | # | |a Nguyễn Thanh Hương |
| 925 | # | # | |a CD |
| 926 | # | # | |a A |
| 927 | # | # | |a CD |
| 980 | # | # | |a Thư viện Trường Đại học Đà Lạt |